| 000 | 00803cam a2200265u 4500 | ||
|---|---|---|---|
| 001 | 23085 | ||
| 003 | BD-RjUL | ||
| 005 | 20211209000905.0 | ||
| 008 | 140310s1940 nyuabcf 001 0 eng | ||
| 035 | _a(BD-RjUL)23150 | ||
| 040 |
_aDLC _cCarP _dDLC _dBD-RjUL _beng |
||
| 041 | _aeng | ||
| 082 | 0 | 0 |
_a915 _bHEW 1940 |
| 100 | 1 |
_aHedin, Sven, _d1865-1952. _971199 |
|
| 245 | 1 | 4 |
_aThe wandering lake / _c Sven Hedin. |
| 260 |
_aNew York : _bE. P. Dutton & co., inc., _c1940. |
||
| 300 |
_ax,295 p. : _bIll. ; _c25 cm. |
||
| 504 | _aIncludes index. | ||
| 651 | 0 |
_aLop Nur (China) _971200 |
|
| 651 | 0 |
_aXinjiang Uygur Zizhiqu (China) _xDescription and travel. _971201 |
|
| 700 | 1 |
_aLyon, F. H. _q(Francis Hamilton), _d1885- _etr. _971202 |
|
| 942 |
_2ddc _cBK |
||
| 999 |
_c23085 _d23085 |
||